Lo stato italiano e le Olimpiadi di Roma / (Record no. 130634)

MARC details
000 -LEADER
campo de control de longitud fija 00587nam a2200169 i 4500
001 - NÚMERO DE CONTROL
campo de control 130634
003 - IDENTIFICADOR DE NÚMERO DE CONTROL
campo de control ES-MaACL
005 - FECHA Y HORA DE LA ÚLTIMA TRANSACCIÓN
campo de control 20230906193809.0
007 - CAMPO FIJO DE DESCRIPCIÓN FÍSICA--INFORMACIÓN GENERAL
campo de control de longitud fija t|
008 - DATOS DE LONGITUD FIJA--INFORMACIÓN GENERAL
campo de control de longitud fija 070802s1960 it ||||1| ita d
245 03 - MENCIÓN DEL TÍTULO
Título Lo stato italiano e le Olimpiadi di Roma /
Mención de responsabilidad, etc. [a cura del] Ministero del turismo e dello spettacolo.
260 ## - PUBLICACIÓN, DISTRIBUCIÓN, ETC.
Lugar de publicación, distribución, etc. Roma :
Nombre del editor, distribuidor, etc. Editalia,
Fecha de publicación, distribución, etc. [1960?]
300 ## - DESCRIPCIÓN FÍSICA
Extensión 250 p., 52 h. de lám. ;
Dimensiones 26 cm.
611 2# - PUNTO DE ACCESO ADICIONAL DE MATERIA--NOMBRE DE REUNIÓN/CONGRESO
Nombre de congreso/reunión o jurisdicción como elemento de entrada Juegos Olímpicos (
Número del congreso/reunión o número de parte o sección 17º.
Fecha del congreso o de la firma del tratado 1960.
Sede del congreso/Lugar de la reunión Roma)
9 (RLIN) 906
710 1# - ENTRADA AGREGADA--NOMBRE DE ENTIDAD CORPORATIVA
Nombre de entidad corporativa o nombre de jurisdicción como elemento de entrada Italia.
Unidad subordinada Ministero del Turismo e dello Spettacolo.
9 (RLIN) 5316
852 ## - LOCALIZACIÓN
Ubicación ES-MaACL
Número de control de estantería C-41855
Sublocalización o colección R.79133
Holdings
Estatus retirado Estado de pérdida Estado de daño No para préstamo Biblioteca de origen Biblioteca actual Ubicación en estantería Fecha de adquisición Fuente de adquisición Total de préstamos Signatura topográfica completa Código de barras Visto por última vez Precio de reemplazo Tipo de ítem Koha
        Biblioteca del Ateneo de Madrid Biblioteca del Ateneo de Madrid Depósito 2 17/01/2008     C-41855 1136013 23/02/2023 23/02/2023 Libro impreso